=LDR 00000nam 2200000 4500 =001 INLIS000000000011614 =005 20210617094044 =035 ##$$a 0010-061300000011614 =008 210617###########################0###### =041 ##$$a Ind =090 ##$$a 341, Ada d =100 ##$$a Adol, Muala =245 1#$$a Aspek- aspek negara dalam hukum Internasional, Aula Adol SH =260 ##$$a 1990 :$b Jakarta =300 ##$$a VIII 326 hlm, 21 cm =650 #4$$a Hukum Internasional =850 ##$$a NBPNMAT =990 ##$$a 00034846